| 000 | 00541nam a22002057a 4500 | ||
|---|---|---|---|
| 003 | BUBTL | ||
| 008 | 201108b xxu||||| |||| 00| 0 eng d | ||
| 020 | _a978-81-317-2691 | ||
| 082 | _a620/RAE | ||
| 100 |
_aRam, Babu _93727 |
||
| 245 |
_aEngineering Mathematics _bBabu Ram |
||
| 250 | _a1st | ||
| 260 |
_aNew Delhi _bPearson _cc2010 |
||
| 300 |
_a[xiv] , 26.76p . : _bill . ; 24cm. |
||
| 500 | _aIncludes Index | ||
| 650 |
_aMathematics _93728 |
||
| 856 |
_k0 _l0 _yDownload |
||
| 942 |
_2ddc _cBK |
||
| 999 |
_c6416 _d6416 |
||